|
|
|
|
| LEADER |
00844nam a22001937a 4500 |
| 008 |
150901b xxu||||| |||| 00| 0 eng d |
| 020 |
|
|
|a 9798189415906
|
| 082 |
|
|
|a 894.13 ABR
|
| 100 |
|
|
|a എബ്രഹാം, മാത്യു സി.
|
| 240 |
|
|
|a Thiruthal vendatha thettukal
|
| 245 |
|
|
|a തിരുത്തല് വേണ്ടാത്ത തെറ്റുകള് /
|c മാത്യു സി. എബ്രഹാം
|
| 250 |
|
|
|a 1st ed.
|
| 260 |
|
|
|a നൂറനാട് :
|b ഉണ്മ പബ്ലിക്കേഷന്സ്,
|c 2013.
|
| 300 |
|
|
|a 168p.
|
| 650 |
|
|
|a Novel
|
| 700 |
|
|
|a Abraham, Mathew C.
|
| 942 |
|
|
|2 ddc
|c BK
|
| 999 |
|
|
|c 12119
|d 12119
|
| 952 |
|
|
|0 0
|1 0
|2 ddc
|4 0
|6 894_130000000000000_ABR
|7 0
|9 17133
|a MAIN
|b MAIN
|d 2015-09-01
|e Penta Book Distributors
|g 130.00
|o 894.13 ABR
|p 17127
|r 2015-09-01
|t 1
|w 2015-09-01
|y BK
|